| 000 | 00513nam a2200157Ia 4500 | ||
|---|---|---|---|
| 008 | 170221s9999 xx 000 0 und d | ||
| 100 | _aAngelos Konstantinidis | ||
| 245 | _aWhat Types of Learning may occur through Casual Use of a Social Network Site?The Case of Facebook | ||
| 245 | _cAngelos Konstantinidis | ||
| 260 | _bOnline Journal of Communication and Media Technologies | ||
| 260 | _c2013 | ||
| 300 | _a33 : 4 | ||
| 650 | _xCommunication | ||
| 650 | _xMedia Arts | ||
| 856 | _uhttp://www.ojcmt.net/ | ||
| 999 |
_c311011 _d311011 |
||